00809cam a2200205 a 450000500170000000800410001704000230005804100080008104400070008908200160009610000240011224501270013626000960026330000280035950400420038765000450042965000340047465100470050865100480055520171014095931.0050406s1995 cl r 00010 spa d ala cladCO-BoIAVH0 aspa acl04a338.1bB97s1 aLacki, Polaneautor10aBuscando soluciones para la crisis del agro : ben la ventanilla del banco, o en el pupitre de la escuela? / cPolan Lacki aSantiago de Chile : bOficina Regional de la Fao para América Latina y El Caribe, c1995. a50 páginas ; c22 cm. aIncluye referencias bibliográficas.26aAgriculturazCaribe (Región, Colombia)26aAgriculturazAmérica Latina26aAmérica LatinaxCondiciones económicas26aCaribe (Región)xCondiciones económicas